| 000 | 00953nam a2200277 a 4500 | ||
|---|---|---|---|
| 001 | 000023192 | ||
| 003 | DO-SdBNP | ||
| 005 | 20210527094346.0 | ||
| 008 | 101130s1982 ck 000 0 spa d | ||
| 040 |
_aDO-SdBNP _bspa _cBNPHU |
||
| 043 | _as-ck--- | ||
| 082 |
_annnn _bO13s |
||
| 245 | 0 | 0 | _aObras selectas |
| 260 |
_aBogota, D.E. : _bCámara de representantes, _c1982. |
||
| 300 |
_av ; _c24 cm. |
||
| 490 | 1 | _aPensadores políticos colombianos | |
| 490 | 1 | _aFundadores | |
| 500 | _aLa biblioteca posee el t.1 | ||
| 504 | _aIncluye referencias bibliográficas y notas al pie de las páginas | ||
| 505 | 1 | _at.1 Escritos civiles y militares -- t.2 Escritos de su vida pública y privada | |
| 700 | 1 |
_aObando, José María, _d1795-1861. _947740 |
|
| 700 | 1 |
_aAndrade González, Gerardo, _947741 |
|
| 710 | 1 |
_aAcademia de Historia del Cauca _947742 |
|
| 830 | 0 |
_aPensadores políticos colombianos. _pFundadores ; _947743 |
|
| 942 |
_2ddc _cLBS1 |
||
| 999 |
_c22689 _d22689 |
||